Managerial Accounting / International Edition: Second Edition (Record no. 878)
[ view plain ]
| 000 -LEADER | |
|---|---|
| fixed length control field | 02511cam a22002174a 4500 |
| 005 - ΗΜΕΡΟΜΗΝΙΑ ΚΑΙ ΩΡΑ ΤΕΛΕΥΤΑΙΑΣ ΕΝΗΜΕΡΩΣΗΣ | |
| Πεδίο ελέγχου | 20250605163948.0 |
| 008 - FIXED-LENGTH DATA ELEMENTS--GENERAL INFORMATION | |
| Πεδίο ελέγχου σταθερού μήκους | 250528s ||||||||||||||||||||||||d |
| 035 ## - SYSTEM CONTROL NUMBER | |
| System control number | 15287 |
| 020 ## - ISBN | |
| ISBN | 71133410 |
| 040 ## - ΠΗΓΗ ΚΑΤΑΛΟΓΟΓΡΑΦΗΣΗΣ | |
| Φορέας πρωτότυπης καταλογογράφησης | MC Athens Campus Library |
| Γλώσσα καταλογογράφησης | Ελληνικά, Μοντέρνα (1453-) |
| Modifying agency | MC Athens Campus Library |
| Κανόνες περιγραφικής καταλογογράφησης | AACR2 |
| 245 1# - ΤΙΤΛΟΣ ΚΑΙ ΔΗΛΩΣΗ ΥΠΕΥΘΥΝΟΤΗΤΑΣ | |
| Τίτλος | Managerial Accounting / International Edition: Second Edition |
| 250 ## - EDITION STATEMENT | |
| Edition statement | 2nd |
| 260 ## - PUBLICATION, DISTRIBUTION, ETC. | |
| Name of publisher, distributor, etc. | Mcgraw Hill, Inc, |
| Date of publication, distribution, etc. | 1994 |
| 300 ## - PHYSICAL DESCRIPTION | |
| Extent | 1024 |
| 505 0# - FORMATTED CONTENTS NOTE | |
| Formatted contents note | Preface, Fundamentals and Cost Accumulation Systems, Managerial Accounting: An Overview, Basic Cost Terms and Concepts, Job-Order Costing Systems, Process Costing and Hybrid Product-Costing Systems, Cost Management Systems for the New Manufacturing Environment, Planning and Control Systems, Cost Behavior and Estimation, Cost-Volume Profit Analysis, Budgeting: Profit Planning and Control Systems, Standard Costing and Performance Measures for the New Manufacturing Environment, Flexible Budgets and Control of Overhead Costs, Responsibility Accounting and Income Reporting, Investment Centers and Transfer Pricing, Using Accounting Information in Making Decisions, Decision Making: Relevant Costs and Benefits, Cost Analysis and Pricing Decisions, Capital Expenditure Decisions: An Introduction, Further Aspects of Capital Expenditure Decisions, Selected Topics for Further Study, Cost Allocation: A Closer Look, Analyzing Financial Statements, Preparing the Statement of Cash Flows, Index. |
| 520 ## - SUMMARY, ETC. | |
| Summary, etc. | Preface, Fundamentals and Cost Accumulation Systems, Managerial Accounting: An Overview, Basic Cost Terms and Concepts, Job-Order Costing Systems, Process Costing and Hybrid Product-Costing Systems, Cost Management Systems for the New Manufacturing Environment, Planning and Control Systems, Cost Behavior and Estimation, Cost-Volume Profit Analysis, Budgeting: Profit Planning and Control Systems, Standard Costing and Performance Measures for the New Manufacturing Environment, Flexible Budgets and Control of Overhead Costs, Responsibility Accounting and Income Reporting, Investment Centers and Transfer Pricing, Using Accounting Information in Making Decisions, Decision Making: Relevant Costs and Benefits, Cost Analysis and Pricing Decisions, Capital Expenditure Decisions: An Introduction, Further Aspects of Capital Expenditure Decisions, Selected Topics for Further Study, Cost Allocation: A Closer Look, Analyzing Financial Statements, Preparing the Statement of Cash Flows, Index. |
| 700 1# - ΠΡΟΣΘΕΤΗ ΑΝΑΓΡΑΦΗ--ΦΥΣΙΚΟ ΠΡΟΣΩΠΟ | |
| Personal name | Hilton Ronald W |
| 9 (RLIN) | 1179 |
| 942 ## - ADDED ENTRY ELEMENTS (KOHA) | |
| Koha item type | Books |
| Τύπος τεκμηρίου | Βιβλιοθήκη | Τρέχουσα τοποθεσία | Barcode | Αριθμός εισαγωγής | Ημερομηνία απόκτησης | Ταξιθετικό σύμβολο | Αριθμός αντιτύπου | Κατάσταση απόσυρσης | Κατάσταση χαμένου | Κατάσταση κατεστραμμένου | Μη δανεισμός | Σύνολο δανεισμών | Ημερομηνία τελευταίας εμφάνισης | Η τιμή ισχύει από |
|---|---|---|---|---|---|---|---|---|---|---|---|---|---|---|
| Books | MC Athens Campus Library | MC Athens Campus Library | 9780000008770 | 1531 | 05/06/2025 | 658.15/11 HIL | 2 | 05/06/2025 | 05/06/2025 |